Riconosci lo Stato - Quiz n°118 - Statistics

Statistiche generali
  • Questo quiz è stato fatto 24 volte
  • Il punteggio medio è 12 su 12
Statistiche sulle risposte
Indizio Risposta % Corretto
ISU 0,845
100%
Tasso di crescita 0,997%
100%
Superficie 2 791 810 km²
100%
Popolazione 46 044 703 ab.
100%
PIL (nominale) 630 698 milioni di $
100%
Iniziale della Capitale B
100%
Indipendenza dalla Spagna, 9 luglio 1816
100%
Presidente della Repubblica Javier Milei
100%
Valuta Peso
100%
Forma di Governo Repubblica presidenziale federale
100%
Fuso Orario UTC-3
100%
Risposta Argentina
95%
Nessun quiz corrispondente trovato
Distribuzione punteggi
Percentuale di utenti per punteggio
Percentile per numero di risposta
I tuoi punteggi nel tempo
Non hai fatto questo quiz